header

Explorations into the self (Record no. 231775)

MARC details
000 -LEADER
fixed length control field 01290nam a2200325Ia 4500
100 1# - MAIN ENTRY--AUTHOR NAME
Personal name Fordham, Michael,
245 10 - TITLE STATEMENT
Title Explorations into the self
260 ## - PUBLICATION, DISTRIBUTION, ETC. (IMPRINT)
Place of publication London ;
-- New York :
Name of publisher Karnac,
Year of publication 2002.
300 ## - PHYSICAL DESCRIPTION
Number of Pages xiii, 235 p.
490 1# - SERIES STATEMENT
Series statement The Library of analytical psychology ;
500 ## - GENERAL NOTE
General note "Published for Society of Analytical Psychology, London by Karnac".
650 #0 - SUBJECT ADDED ENTRY--TOPICAL TERM
Topical Term Self.
Topical Term Psychology.
856 40 - ELECTRONIC LOCATION AND ACCESS
Uniform Resource Identifier http://site.ebrary.com/lib/rucke/Doc?id=10463997

No items available.

© 2026 Rongo University
Contact us: librarian | system librarian | Rongo university